Statystyki dla TOP 10 najdrożsi zawodnicy Bundesligi

Kliknij tutaj aby rozwiązać quiz!

Ogólne statystyki

  • Ten quiz został rozwiązany 230 razy
  • Średni wynik to 8 z 10

Statystyki odpowiedzi

KlubNarodowośćPozycjaWartośćZawodnik% Poprawnych
Bayern MonachiumPolskaNapastnik56,00 mln €Rober Lewandowski
95%
Borussia DortmundNorwegiaNapastnik72,00 mln €Erling Haaland
92%
RB LeipzigNiemcyNapastnik64,00 mln €Timo Werner
85%
Borussia DortmundAngliaPomocnik/Napastnik117,00 mln €Jadon Sancho
83%
Bayern MonachiumNiemcyObrońca/Pomocnik64,00 mln €Joshua Kimmich
83%
Borussia DortmundMarokoObrońca54,00 mln €Achraf Hakimi
73%
Bayern MonachiumNiemcyPomocnik/Napastnik72,00 mln €Serge Gnabry
73%
Bayer LeverkusenNiemcyPomocnik81,00 mln €Kai Havertz
72%
Bayern MonachiumFrancjaObrońca56,00 mln €Lucas Hernandez
71%
Bayern MonachiumBrazyliaPomocnik56,00 mln €Philippe Coutinho
57%

Rozkład punktacji

Percentyl według liczby udzielonych odpowiedzi

Procent ludzi z każdym wynikiem

Twoja historia wyników

Nie rozwiązałeś tego quizu